000 01143nam0a22002771 4500
001 rc\3701923
005 20250610062710.0
021 _aRU
_b71-13700
021 _aRU
_bРг9203-71
035 _a(NLR Aleph) 007763214
090 _a7388986
_c7388986
100 _a20130115d1970 |||y0rusy50 ca
101 0 _arus
102 _aRU
105 _aa z |||||
200 1 _aПути повышения эффективности использования электротехнического оборудования на промышленных предприятиях
_e(Учеб. пособие)
_fСост. Л.А. Ковалюк
_gМежотрасл. ин-т повышения квалификации специалистов нар. хоз-ва ЛатвССР
210 _aРига
_cБ. и.
_d1970
215 _a113 с.
_cил.
_d20
300 _aНа обл. авт. не указан
320 _aБиблиогр.: с. 109-110
700 1 _aКовалюк
_bЛ.А.
_gЛеонид Александрович
_4220
801 0 _aRU
_bNLR
_gpsbo
801 1 _aRU
_bELAR
_2rusmarc
852 _aNLR
_j71-3/6564
942 _cBOOK
980 _aNB